LEADER 03000nam 22007213u 450 001 9910459201903321 005 20210107032051.0 010 $a1-282-87405-5 010 $a9786612874055 010 $a1-4411-3511-1 035 $a(CKB)2670000000054453 035 $a(EBL)601907 035 $a(OCoLC)682540849 035 $a(SSID)ssj0000410871 035 $a(PQKBManifestationID)12183313 035 $a(PQKBTitleCode)TC0000410871 035 $a(PQKBWorkID)10352821 035 $a(PQKB)11753789 035 $a(MiAaPQ)EBC601907 035 $a(EXLCZ)992670000000054453 100 $a20130418d2010|||| u|| | 101 0 $aeng 135 $aur|n|---||||| 181 $ctxt 182 $cc 183 $acr 200 10$aAcademic Writing and Plagiarism$b[electronic resource] $eA Linguistic Analysis 210 $aLondon $cContinuum International Publishing$d2010 215 $a1 online resource (224 p.) 300 $aDescription based upon print version of record. 311 $a1-4411-3953-2 327 $aContents; Acknowledgements; 1 Plagiarism: Why the Need for a Linguistic Analysis?; 2 Plagiarism in Perspective; 3 Learning to Write from Sources; 4 The Texts; 5 'My Position, it is Impossible': The Writers' Perspectives; 6 The Readers; 7 Plagiarism, Patchwriting and Source Use in Context; Appendix: Research Methods; References; Author Index; Subject Index 330 $aPlagiarism has long been regarded with concern by the university community as a serious act of wrongdoing threatening core academic values. There has been a perceived increase in plagiarism over recent years, due in part to issues raised by the new media, a diverse student population and the rise in English as a lingua franca. This book examines plagiarism, the inappropriate relationship between a text and its sources, from a linguistic perspective. Diane Pecorari looks at processes of first and second language writers; interplay between reading and writing; writer's identity and voice; and th 606 $aAcademic writing 606 $aBibliographical citations 606 $aPlagiarism 606 $aReport writing 606 $aPlagiarism 606 $aAcademic writing 606 $aReport writing 606 $aBibliographical citations 606 $aLiterature - General$2HILCC 606 $aLanguages & Literatures$2HILCC 608 $aElectronic books. 615 4$aAcademic writing. 615 4$aBibliographical citations. 615 4$aPlagiarism. 615 4$aReport writing. 615 0$aPlagiarism 615 0$aAcademic writing 615 0$aReport writing 615 0$aBibliographical citations 615 7$aLiterature - General 615 7$aLanguages & Literatures 676 $a808.066 700 $aPecorari$b Diane$0719720 801 0$bAU-PeEL 801 1$bAU-PeEL 801 2$bAU-PeEL 906 $aBOOK 912 $a9910459201903321 996 $aAcademic Writing and Plagiarism$92242677 997 $aUNINA LEADER 01798nam 2200349 n 450 001 996385247003316 005 20200824121159.0 035 $a(CKB)4940000000070900 035 $a(EEBO)2240894985 035 $a(UnM)ocm99885120e 035 $a(UnM)99885120 035 $a(EXLCZ)994940000000070900 100 $a19951113d1656 uy 101 0 $aeng 135 $aurbn||||a|bb| 200 10$aChrists innocency pleaded: against the cry of the chief priests. Or, A brief and plain reply unto certain papers received from William Thomas (called) A Minister of the Gospel at Ubley, in Somersetshire. By Thomas Speed, a servant of that Jesus Christ, who was, at the request of the bloody crew of chief priests and teachers, crucified at Jerusalem$b[electronic resource] 210 $aLondon $cprinted for Giles Calvert, at the black-spread-Eagle, at the West end of Pauls$d1656 215 $a[14], 56 p 300 $aA reply to an unidentified tract by William Thomas. 300 $aIn this edition, there are no errors in pagination; leaf B3 has signature marking. 300 $aReproduction of the original in the British Library. 330 $aeebo-0018 606 $aQuakers$vEarly works to 1800 615 0$aQuakers 700 $aSpeed$b Thomas$fb. 1622 or 3.$01007456 801 0$bCu-RivES 801 1$bCu-RivES 801 2$bCStRLIN 906 $aBOOK 912 $a996385247003316 996 $aChrists innocency pleaded: against the cry of the chief priests. Or, A brief and plain reply unto certain papers received from William Thomas (called) A Minister of the Gospel at Ubley, in Somersetshire. By Thomas Speed, a servant of that Jesus Christ, who was, at the request of the bloody crew of chief priests and teachers, crucified at Jerusalem$92320962 997 $aUNISA